ბათუმის შოთა რუსთაველის სახელმწიფო უნივერსიტეტის ბიბლიოთეკა

Римските вили в днешната българска територия. / (ბიბ.ჩანაწერი № 60899)

000 -LEADER
fixed length control field 00840nam a22002057a 4500
005 - DATE AND TIME OF LATEST TRANSACTION
control field 20231115143859.0
008 - FIXED-LENGTH DATA ELEMENTS--GENERAL INFORMATION
fixed length control field 231115s1997 bu ||||| |||| 00| 0 bul d
020 ## - INTERNATIONAL STANDARD BOOK NUMBER
International Standard Book Number 9548761246
041 ## - LANGUAGE CODE
Language code of text/sound track or separate title bul
080 ## - UNIVERSAL DECIMAL CLASSIFICATION NUMBER
Universal Decimal Classification number 902:72 Д-44
100 ## - MAIN ENTRY--PERSONAL NAME
Personal name Динчев, В. Н.
9 (RLIN) 20397
245 ## - TITLE STATEMENT
Title Римските вили в днешната българска територия. /
Statement of responsibility, etc. Венцислав Динчев.
264 ## - PRODUCTION, PUBLICATION, DISTRIBUTION, MANUFACTURE, AND COPYRIGHT NOTICE
Place of production, publication, distribution, manufacture София :
Name of producer, publisher, distributor, manufacturer Агато,
Date of production, publication, distribution, manufacture, or copyright notice 1997.
300 ## - PHYSICAL DESCRIPTION
Extent 164 с.:
Other physical details ил.;
Dimensions 24 см.
440 ## - SERIES STATEMENT/ADDED ENTRY--TITLE
Title Археология и архитектура
9 (RLIN) 20398
653 ## - INDEX TERM--UNCONTROLLED
keyword არქიტექტურა
653 ## - INDEX TERM--UNCONTROLLED
keyword ბულგარეთი
653 ## - INDEX TERM--UNCONTROLLED
keyword რომაული ვილები დღევანდელ ბულგარეთის ტერიტორიაზე
942 ## - ADDED ENTRY ELEMENTS (KOHA)
Source of classification or shelving scheme
Koha item type წიგნი
ეგზემპლარები
Withdrawn status Lost status Source of classification or shelving scheme Damaged status Not for loan Permanent Location Current Location Shelving location Date acquired Cost, normal purchase price Full call number Barcode Date last seen Copy number Uniform Resource Identifier Price effective from Koha item type Public note
          ბათუმის შოთა რუსთაველის სახელმწიფო უნივერსიტეტის მთავარი ბიბლიოთეკა ბათუმის შოთა რუსთაველის სახელმწიფო უნივერსიტეტის მთავარი ბიბლიოთეკა წიგნსაცავი 2023-11-15 6.00 902:72 Д-44 65445 2023-11-15 65445 ბსუ-ს საპატიო დოქტორის გურამ ლორთქიფანიძის საჩუქარი 2023-11-15 წიგნი 6 ლ.